000 00818nam a2200253 i 4500
001 bg
245 1 0 _aVademecum pilota grup turystycznych /
_cred.nauk. Grzegorz Gołembski ; Akademia Ekonomiczna w Poznaniu.
260 _aPoznań :
_bAE,
_c2001.
300 _a290, [1] s. :
_brys., wykr. ;
_c24 cm.
504 _aBibliogr. i wykaz aktów prawnych.
650 9 _aTurystyka
_xorganizacja
650 9 _aWycieczki
_xorganizacja
655 _aPodręczniki
700 1 _aGOŁEMBSKI, Grzegorz.
_eRed.
710 0 _aAkademia Ekonomiczna (Poznań)
020 _a838876022X
040 _cBPK
041 0 _apl
080 _a379.85(07)
920 _a83-88760-22-X
942 _cKS
008 s pl f |000 0 pol
999 _c40460
_d40460
856 _uhttp://koha.tu.koszalin.pl/cgi-bin/koha/opac-detail.pl?biblionumber=40460
_yKatalog online BPK